000 00732cam a22002533a 4500
001 31747
003 PGUSA
005 20140828083703.0
008 100323s2010||||xxu|||||s|||||000 | eng d
040 _aPGUSA
_beng
042 _adc
050 4 _aRA
050 4 _aBF
100 1 _aHaslam, John,
_d1764-1844
245 1 0 _aSound Mind :
_bOr, Contributions to the natural history and physiology of the human intellect
_h[electronic resource] /
_cJohn Haslam
260 _bProject Gutenberg,
_c2010
506 _aPublic domain in the USA.
516 _aElectronic text
653 _aIntellect
653 _aMental health
830 0 _aProject Gutenberg
_v31747
856 4 0 _uhttp://www.gutenberg.org/ebooks/31747
942 _cEB
999 _c261002
_d261002